<?xml version="1.0" encoding="UTF-8"?>
<marc:record xmlns:marc="http://www.loc.gov/MARC21/slim">
   <marc:leader>00000nam a2200000 a 4500</marc:leader>
   <marc:datafield ind1="1" ind2=" " tag="100">
      <marc:subfield code="a">Iwanow-Wano Iwan</marc:subfield>
      <marc:subfield code="4">aut</marc:subfield>
      <marc:subfield code="e">Verfasser/-in</marc:subfield>
   </marc:datafield>
   <marc:datafield ind1="0" ind2="0" tag="245">
      <marc:subfield code="a">Das bucklige Pferdchen</marc:subfield>
   </marc:datafield>
   <marc:datafield ind1="0" ind2="0" tag="245">
      <marc:subfield code="b">Die schönsten Märchen der russischen Filmgeschichte</marc:subfield>
   </marc:datafield>
   <marc:datafield ind1="0" ind2="0" tag="245">
      <marc:subfield code="c">Iwanow-Wano Iwan</marc:subfield>
   </marc:datafield>
   <marc:datafield ind1="1" ind2=" " tag="520">
      <marc:subfield code="a">Hinter hohen Bergen, hinter weiten Meeren, hinter 27 Ländern, im dreißigsten Zarenreich lebte einstmals der mächtige Zar Afron... Zur selben Zeit lebt der junge Bauernbursche Iwan und träumt von einem geflügelten Ross, das sogar der brausende Wind nicht einholt.&#xD;
Seit mehr als 100 Jahren springt  Das buckelige Pferdchen  durch die Welt, jenes Werk der russischen Märchenphantasie, das seinen Platz in der Schatzkammer der Weltliteratur gefunden hat.</marc:subfield>
   </marc:datafield>
   <marc:datafield ind1=" " ind2=" " tag="041">
      <marc:subfield code="a">ger</marc:subfield>
   </marc:datafield>
   <marc:datafield ind1=" " ind2=" " tag="338">
      <marc:subfield code="a">Videodisk</marc:subfield>
   </marc:datafield>
</marc:record>
